| 000 | 00426nam a22001697a 4500 | ||
|---|---|---|---|
| 005 | 20180313115315.0 | ||
| 008 | 160525b xxu||||| |||| 00| 0 eng d | ||
| 020 | _a81-259-0942-7 | ||
| 041 | _aeng | ||
| 082 |
_b4822 _a332.6 |
||
| 100 |
_aRaman V.N.S. _9358 |
||
| 245 | _aInvestments Principles and techniques | ||
| 260 |
_aNew Delhi _bAcademic Faundation _c2004 |
||
| 300 | _a457 | ||
| 650 |
_aManagement _9241 |
||
| 942 | _cBK | ||
| 999 |
_c1652 _d1651 |
||